Mother Teresa : (Record no. 128827)

MARC details
000 -LEADER
fixed length control field 00759nam a22002417a 4500
003 - CONTROL NUMBER IDENTIFIER
control field dpl
005 - DATE AND TIME OF LATEST TRANSACTION
control field 20180522154054.0
008 - FIXED-LENGTH DATA ELEMENTS--GENERAL INFORMATION
fixed length control field 180522b xxu||||| |||| 00| 0 eng d
010 ## - LIBRARY OF CONGRESS CONTROL NUMBER
LC control number B-209670
020 ## - INTERNATIONAL STANDARD BOOK NUMBER
Terms of availability 00.00
International Standard Book Number 8175411430
035 ## - SYSTEM CONTROL NUMBER
System control number B-209670, B-126160
037 ## - SOURCE OF ACQUISITION
Source of stock number/acquisition Cen Lib/Ret
040 ## - CATALOGING SOURCE
Original cataloging agency DPL
Language of cataloging EN
Transcribing agency 0
082 ## - DEWEY DECIMAL CLASSIFICATION NUMBER
Classification number 808.88
Item number RAJ
100 ## - MAIN ENTRY--PERSONAL NAME
Personal name Raju, R.K.
9 (RLIN) 24543
245 ## - TITLE STATEMENT
Title Mother Teresa :
Statement of responsibility, etc by R.K.Raju
Remainder of title saint of the Indian crossroads and other vignettes /
260 ## - PUBLICATION, DISTRIBUTION, ETC. (IMPRINT)
Place of publication, distribution, etc Delhi
Name of publisher, distributor, etc Shipra Publications
Date of publication, distribution, etc 2003
270 ## - ADDRESS
Address 115-A, VIkas Marg, Shakarpur
City Delhi
Postal code 110092
300 ## - PHYSICAL DESCRIPTION
Extent 123p. :
Dimensions 22cm(Hb)
Other physical details ill.
650 ## - SUBJECT ADDED ENTRY--TOPICAL TERM
Topical term or geographic name as entry element Mother Teresa.
9 (RLIN) 30849
650 ## - SUBJECT ADDED ENTRY--TOPICAL TERM
Topical term or geographic name as entry element Missionaries of charity
9 (RLIN) 29594
942 ## - ADDED ENTRY ELEMENTS (KOHA)
Source of classification or shelving scheme Dewey Decimal Classification
Koha item type English Books
Classification part 808.88
Call number suffix RAJ
Holdings
Withdrawn status Lost status Damaged status Not for loan Home library Current library Date acquired Source of acquisition Cost, normal purchase price Total Checkouts Full call number Barcode Date last seen Copy number Cost, replacement price Price effective from Koha item type Date checked out Source of classification or shelving scheme Collection code
        Central Library Central Library 03/07/2015 Cen Lib/Ret 0.00   808.88 RAJ B-209670 03/07/2015 1 0.00 15/09/2016 English Books      
        Central Library Central Library 07/07/2015 Cen Lib/Ret 0.00 2 808.88 RAJ B-126148 06/11/2019 2 0.00 15/09/2016 English Books 13/10/2019    
        Sarojini Nagar Sarojini Nagar 22/05/2019       808.88 RAJ B-126152 22/05/2019     22/05/2019 English Books   Dewey Decimal Classification Non-fiction
        Shahdara Branch Shahdara Branch 22/05/2018 BPPD/PUB 0.00   808.88 RAJ B-126160 22/05/2018   0.00 22/05/2018 English Books   Dewey Decimal Classification Non-fiction

© Delhi Public Library
Hit Counter
free hit counter